[Event "Memorial I.Itkina 2011 B"]
[Site "Moscow, Russia"]
[Date "2011.08.28"]
[Round "7"]
[White "Dragomarezkij, Evgeni"]
[Black "Burlov, Vassili"]
[Result "1/2-1/2"]
[WhiteElo "2399"]
[BlackElo "2350"]
[PlyCount "20"]
[EventDate "2011.??.??"]

1. d4 Nf6 2. c4 e6 3. Nf3 b6 4. g3 Bb7 5. Bg2 Bb4+ 6. Bd2 Be7 7. O-O O-O 8. Nc3
Ne4 9. Qc2 f5 10. Rad1 Bf6 1/2-1/2

[Event "Memorial I.Itkina 2011 B"]
[Site "Moscow, Russia"]
[Date "2011.08.28"]
[Round "7"]
[White "Gansvind, Valeriya I"]
[Black "Kalinichenko, Oleg"]
[Result "1/2-1/2"]
[WhiteElo "2222"]
[BlackElo "2204"]
[PlyCount "23"]
[EventDate "2011.??.??"]

1. d4 Nf6 2. Bg5 Ne4 3. Bf4 c5 4. f3 Qa5+ 5. c3 Nf6 6. Nd2 cxd4 7. Nb3 Qb6 8.
Qxd4 Nc6 9. Qxb6 axb6 10. e4 d5 11. exd5 Nxd5 12. Bd2 1/2-1/2

[Event "Memorial I.Itkina 2011 B"]
[Site "Moscow, Russia"]
[Date "2011.08.29"]
[Round "8"]
[White "Dvalishvili, Pavel S"]
[Black "Kalinichenko, Oleg"]
[Result "1-0"]
[WhiteElo "2413"]
[BlackElo "2204"]
[PlyCount "73"]
[EventDate "2011.??.??"]

1. c4 f5 2. Nc3 Nf6 3. Nf3 g6 4. g3 Bg7 5. Bg2 O-O 6. O-O d6 7. d4 c6 8. b4 e5
9. dxe5 dxe5 10. Qxd8 Rxd8 11. e4 Be6 12. c5 h6 13. Be3 fxe4 14. Nd2 Nd5 15.
Ndxe4 Na6 16. a3 Nac7 17. Bd2 Nxc3 18. Bxc3 Nb5 19. Bb2 Nd4 20. Nd6 Rab8 21.
Rad1 b6 22. Bxd4 exd4 23. Bxc6 bxc5 24. bxc5 Rb2 25. Be4 g5 26. Rfe1 Kf8 27.
Rd3 Bg4 28. Bf3 Bc8 29. Bd5 g4 30. Re4 Bf6 31. Rf4 Kg7 32. Nxc8 Rxd5 33. Nd6
Be5 34. Rxg4+ Kf6 35. Rf3+ Ke7 36. Rf7+ Ke6 37. Rg6+ 1-0

[Event "Memorial I.Itkina 2011 B"]
[Site "Moscow, Russia"]
[Date "2011.08.29"]
[Round "8"]
[White "Burlov, Vassili"]
[Black "Gansvind, Valeriya I"]
[Result "1/2-1/2"]
[WhiteElo "2350"]
[BlackElo "2222"]
[PlyCount "48"]
[EventDate "2011.??.??"]

1. d4 Nf6 2. c4 e5 3. e3 exd4 4. exd4 Bb4+ 5. Bd2 Bxd2+ 6. Qxd2 d5 7. Nc3 O-O
8. Bd3 Nc6 9. Nge2 Nb4 10. b3 Nxd3+ 11. Qxd3 Bg4 12. O-O Bxe2 13. Nxe2 Qd7 14.
h3 Rfe8 15. Nc3 c6 16. Rfe1 Rxe1+ 17. Rxe1 Re8 18. Re3 Rxe3 19. Qxe3 h6 20. Qe5
Qd8 21. cxd5 Nxd5 22. Nxd5 cxd5 23. g4 a6 24. Kg2 Qd7 1/2-1/2

[Event "Memorial I.Itkina 2011 B"]
[Site "Moscow, Russia"]
[Date "2011.08.29"]
[Round "8"]
[White "Kanevsky, Sergei"]
[Black "Dragomarezkij, Evgeni"]
[Result "0-1"]
[WhiteElo "2095"]
[BlackElo "2399"]
[PlyCount "83"]
[EventDate "2011.??.??"]

1. e4 c5 2. Nf3 e6 3. d4 cxd4 4. Nxd4 a6 5. c4 Nf6 6. Nc3 Bb4 7. Bd3 Bxc3+ 8.
bxc3 d6 9. O-O e5 10. Nb3 O-O 11. Ba3 Qc7 12. Qc2 Be6 13. Rfe1 Nbd7 14. Rad1
Rfd8 15. Bf1 Ne8 16. Nd2 Rac8 17. Rb1 h6 18. Qb2 b6 19. h3 Rb8 20. Qc2 Nef6 21.
Kh2 Nc5 22. Nb3 Nb7 23. Nd2 Na5 24. Qa4 Nd7 25. Red1 Nc5 26. Qc2 Qc6 27. Bb4
Ncb7 28. Qd3 Rbc8 29. Qe3 Rb8 30. f3 Qc7 31. Ba3 Nc5 32. Bb4 Nc6 33. Ba3 Nd7
34. Nb3 Nf6 35. Rd2 Ne8 36. Rdd1 Ne7 37. Nd2 Qc6 38. Rb4 Qc8 39. Qd3 Qc7 40.
Rdb1 Nc6 41. R4b2 Na5 42. Qe3 0-1

[Event "Memorial I.Itkina 2011 B"]
[Site "Moscow, Russia"]
[Date "2011.08.29"]
[Round "8"]
[White "Sinelnikov, Igor"]
[Black "Demidov, Mikhail"]
[Result "0-1"]
[WhiteElo "2209"]
[BlackElo "2404"]
[PlyCount "74"]
[EventDate "2011.??.??"]

1. e4 e6 2. d4 d5 3. Nd2 Nf6 4. e5 Nfd7 5. Bd3 c5 6. c3 Nc6 7. Ne2 cxd4 8. cxd4
f6 9. exf6 Nxf6 10. O-O Bd6 11. Nf3 O-O 12. Bf4 Bxf4 13. Nxf4 Qd6 14. g3 e5 15.
dxe5 Nxe5 16. Nxe5 Qxe5 17. Qb3 Bd7 18. Rad1 Bc6 19. Rfe1 Qd6 20. Re6 Qc5 21.
Re2 Rfe8 22. Ne6 Qd6 23. Rde1 Re7 24. Nd4 Rxe2 25. Rxe2 Qc5 26. Qd1 Bd7 27. Kg2
Rf8 28. f3 Qb6 29. g4 g6 30. Bc2 Nxg4 31. Bb3 Nf6 32. Re5 Qd6 33. f4 Ng4 34.
Bxd5+ Kh8 35. Qe2 Rxf4 36. Re8+ Bxe8 37. Qxe8+ Rf8 0-1

[Event "Memorial I.Itkina 2011 B"]
[Site "Moscow, Russia"]
[Date "2011.08.29"]
[Round "8"]
[White "Erzhanov, Arman"]
[Black "Granovskiy, Alexandr"]
[Result "1/2-1/2"]
[WhiteElo "2320"]
[BlackElo "2288"]
[PlyCount "66"]
[EventDate "2011.??.??"]

1. e4 e5 2. Nf3 Nc6 3. Bb5 g6 4. O-O Bg7 5. c3 Nge7 6. d4 exd4 7. cxd4 d5 8.
exd5 Nxd5 9. Bg5 Qd6 10. Re1+ Be6 11. Nbd2 O-O 12. Ne4 Qb4 13. Bxc6 bxc6 14.
Qc1 Rfe8 15. Bd2 Qb6 16. Nc5 Bf5 17. Ne5 Re7 18. Nc4 Rxe1+ 19. Bxe1 Qb5 20. a4
Qb8 21. Ne5 Qe8 22. Bc3 Rd8 23. Qd2 Nb6 24. Qf4 f6 25. Ng4 Nd5 26. Qf3 Qf7 27.
Re1 Re8 28. Rxe8+ Qxe8 29. Ne3 Nxc3 30. bxc3 Be6 31. Qf4 Bf7 32. Qxc7 Bh6 33.
Qg3 f5 1/2-1/2

[Event "Memorial I.Itkina 2011 B"]
[Site "Moscow, Russia"]
[Date "2011.08.31"]
[Round "9"]
[White "Granovskiy, Alexandr"]
[Black "Dvalishvili, Pavel S"]
[Result "1/2-1/2"]
[WhiteElo "2288"]
[BlackElo "2413"]
[PlyCount "63"]
[EventDate "2011.??.??"]

1. e4 c5 2. Nf3 e6 3. c4 Nc6 4. Nc3 Nf6 5. Be2 Qb6 6. O-O d6 7. a3 Be7 8. b4
O-O 9. Rb1 Qc7 10. d3 b6 11. Bf4 a6 12. h3 Nd7 13. Bh2 Bf6 14. Qd2 Nde5 15. Ne1
Nd4 16. Nc2 Nxc2 17. Qxc2 Bd7 18. Rfc1 Nc6 19. Qd2 Bd4 20. Bf4 f5 21. exf5 Rxf5
22. Bg4 Rf7 23. Be3 Raf8 24. Rf1 Bxe3 25. Qxe3 Ne5 26. f4 Nxg4 27. hxg4 cxb4
28. axb4 b5 29. Ne4 bxc4 30. dxc4 d5 31. Nc5 dxc4 32. Nxa6 1/2-1/2

[Event "Memorial I.Itkina 2011 B"]
[Site "Moscow, Russia"]
[Date "2011.08.31"]
[Round "9"]
[White "Demidov, Mikhail"]
[Black "Erzhanov, Arman"]
[Result "1-0"]
[WhiteElo "2404"]
[BlackElo "2320"]
[PlyCount "115"]
[EventDate "2011.??.??"]

1. d4 d6 2. c4 e5 3. Nf3 Nc6 4. Nc3 Be7 5. g3 Bg4 6. d5 Bxf3 7. exf3 Nd4 8. Be3
Nf5 9. Bc1 Bg5 10. f4 exf4 11. Bh3 Qe7+ 12. Kf1 Ngh6 13. Qd3 g6 14. Ne4 f6 15.
gxf4 Bh4 16. Ng3 Ng7 17. f5 Nhxf5 18. Nxf5 Nxf5 19. Bxf5 gxf5 20. Qxf5 Kd8 21.
Bd2 Qe5 22. Qd3 Re8 23. Re1 Qh5 24. Rxe8+ Kxe8 25. Qh3 Kf8 26. f3 Re8 27. Rg1
f5 28. Rg2 Kf7 29. b3 b6 30. b4 Re7 31. Re2 Rxe2 32. Kxe2 Kg6 33. Kd3 Bf6 34.
Qg3+ Kf7 35. Bf4 Qg6 36. Qf2 Bg5 37. Qe3 Bxf4 38. Qxf4 Qf6 39. a4 Qe5 40. Qh6
Qg7 41. Qe6+ Kf8 42. Qc8+ Kf7 43. Qxc7+ Kg6 44. Qxg7+ Kxg7 45. c5 dxc5 46. bxc5
bxc5 47. Kc4 Kf6 48. Kxc5 Ke7 49. Kc6 Kd8 50. d6 Kc8 51. a5 h5 52. f4 h4 53.
d7+ Kd8 54. Kd6 h3 55. Ke6 a6 56. Kxf5 Kxd7 57. Kg6 Ke7 58. f5 1-0

[Event "Memorial I.Itkina 2011 B"]
[Site "Moscow, Russia"]
[Date "2011.08.31"]
[Round "9"]
[White "Gansvind, Valeriya I"]
[Black "Kanevsky, Sergei"]
[Result "1-0"]
[WhiteElo "2222"]
[BlackElo "2095"]
[PlyCount "102"]
[EventDate "2011.??.??"]

1. d4 e6 2. c4 d5 3. Nc3 Nf6 4. cxd5 exd5 5. Bg5 Be7 6. e3 c6 7. Bd3 Nbd7 8. h3
O-O 9. Nf3 Re8 10. Qc2 Ne4 11. Bxe4 dxe4 12. Nxe4 Qa5+ 13. Qd2 Bb4 14. Nc3 Nb6
15. O-O Nc4 16. Qe2 Nxb2 17. Nd1 Na4 18. a3 Nb6 19. Qb2 Bd6 20. Qc3 Qf5 21. Bh4
Nd5 22. Qb3 Qg6 23. Kh1 Bf5 24. Ne5 Bxe5 25. dxe5 Bd3 26. Re1 Rxe5 27. Qxb7
Rae8 28. Bg3 Rh5 29. Qb2 Be4 30. Kh2 Nf6 31. Nc3 Rg5 32. Ne2 Nh5 33. Nf4 Rxg3
34. fxg3 Qxg3+ 35. Kg1 Nxf4 36. exf4 Qxf4 37. Qf2 Qxf2+ 38. Kxf2 f5 39. Rab1
Rd8 40. Rb2 Rd3 41. Re3 Rd1 42. Rb8+ Kf7 43. Rb7+ Kf6 44. Rxa7 Ra1 45. Re2 Rc1
46. a4 g5 47. Rxh7 Rc3 48. a5 Ra3 49. Ra7 Ke5 50. Re7+ Kf4 51. Rg7 Rxa5 1-0

[Event "Memorial I.Itkina 2011 B"]
[Site "Moscow, Russia"]
[Date "2011.08.31"]
[Round "9"]
[White "Kalinichenko, Oleg"]
[Black "Burlov, Vassili"]
[Result "0-1"]
[WhiteElo "2204"]
[BlackElo "2350"]
[PlyCount "110"]
[EventDate "2011.??.??"]

1. e4 c5 2. Nf3 e6 3. d4 cxd4 4. Nxd4 Nf6 5. Nc3 d6 6. g3 Be7 7. Bg2 O-O 8. O-O
a6 9. Re1 Qc7 10. h3 Bd7 11. Be3 Nc6 12. a4 Na5 13. Qe2 Rab8 14. Kh1 Nc4 15.
Bc1 b5 16. axb5 axb5 17. b3 b4 18. Na2 Ne5 19. Bb2 Rfc8 20. Qd2 Qb6 21. f4 Ng6
22. Nc1 Rc5 23. Bf3 d5 24. Nd3 Rc3 25. Bxc3 bxc3 26. Qe3 dxe4 27. Bxe4 Nxe4 28.
Qxe4 Bc8 29. Nf3 Bb7 30. Qe3 h5 31. Qxb6 Bxf3+ 32. Kg1 Rxb6 33. Kf2 Bd5 34. Ra7
Bd6 35. h4 Ne7 36. Ne5 Bc5+ 37. Ke2 Rb4 38. Rc7 Rb5 39. Rd7 Nf5 40. Rd8+ Kh7
41. Nxf7 Nxg3+ 42. Kd3 Kg6 43. Nd6 Rb4 44. Nc4 Rb7 45. Rc8 Bf2 46. Ne5+ Kh7 47.
Ra1 Re7 48. Kxc3 Ne2+ 49. Kd2 Nxf4 50. c4 Bb7 51. Rf8 Bd4 52. Ra5 g5 53. hxg5
Bxe5 54. Rxe5 Ng6 55. Rxe6 Rd7+ 0-1

[Event "Memorial I.Itkina 2011 B"]
[Site "Moscow, Russia"]
[Date "2011.08.25"]
[Round "5"]
[White "Erzhanov, Arman"]
[Black "Kanevsky, Sergei"]
[Result "1-0"]
[WhiteElo "2320"]
[BlackElo "2095"]
[PlyCount "70"]
[EventDate "2011.??.??"]

1. e4 e6 2. d4 d5 3. Nd2 Nf6 4. e5 Nfd7 5. c3 c5 6. Bd3 Nc6 7. Ne2 cxd4 8. cxd4
f6 9. exf6 Nxf6 10. O-O Bd6 11. Nf3 Qc7 12. Bg5 O-O 13. Rc1 Bd7 14. Ng3 Qb6 15.
Bxf6 Rxf6 16. Bxh7+ Kxh7 17. Ng5+ Kh8 18. Qh5+ Rh6 19. Nf7+ Kh7 20. Nxh6 Be8
21. Qg4 gxh6 22. Rfd1 Bf7 23. Rc3 Rg8 24. Qf3 Bg6 25. Qe3 e5 26. Rb3 Qa6 27.
dxe5 d4 28. Rxd4 Nxd4 29. Qxd4 Be7 30. h4 h5 31. Ne4 Rg7 32. Nc3 b6 33. g3 Qc8
34. Nd5 Qf8 35. Kg2 Qf5 1-0

[Event "Memorial I.Itkina 2011 B"]
[Site "Moscow, Russia"]
[Date "2011.08.25"]
[Round "5"]
[White "Granovskiy, Alexandr"]
[Black "Burlov, Vassili"]
[Result "1/2-1/2"]
[WhiteElo "2288"]
[BlackElo "2350"]
[PlyCount "31"]
[EventDate "2011.??.??"]

1. d4 d5 2. c4 c6 3. Nf3 Nf6 4. Nc3 dxc4 5. a4 Bf5 6. e3 e6 7. Bxc4 Nbd7 8. O-O
Bb4 9. Qe2 O-O 10. e4 Bg4 11. Rd1 a5 12. h3 Bh5 13. e5 Nd5 14. Nxd5 cxd5 15.
Bd3 Be7 16. Qe3 1/2-1/2

[Event "Memorial I.Itkina 2011 B"]
[Site "Moscow, Russia"]
[Date "2011.08.25"]
[Round "5"]
[White "Demidov, Mikhail"]
[Black "Kalinichenko, Oleg"]
[Result "1-0"]
[WhiteElo "2404"]
[BlackElo "2204"]
[PlyCount "73"]
[EventDate "2011.??.??"]

1. d4 f5 2. c4 Nf6 3. Nc3 g6 4. h4 Bg7 5. h5 O-O 6. hxg6 hxg6 7. Nf3 d6 8. Bf4
e6 9. Qc1 Qe7 10. Bh6 Nc6 11. Qg5 Qf7 12. e3 Ng4 13. Bxg7 Kxg7 14. Qh4 Qg8 15.
Rh3 Nd8 16. Nb5 Bd7 17. Nxc7 Rc8 18. Qe7+ Rf7 19. Qxd6 Qf8 20. c5 Qxd6 21. cxd6
Kf6 22. Rc1 Rf8 23. Rc5 Nf7 24. Bb5 Bxb5 25. Nxb5 a6 26. Rxc8 Rxc8 27. d7 Rd8
28. Nc3 Rxd7 29. Ke2 b5 30. Rh7 Rc7 31. e4 g5 32. d5 fxe4 33. Nxg5 Kxg5 34.
dxe6 Nge5 35. exf7 Nd7 36. Rg7+ Kf6 37. Nd5+ 1-0